000 00294nam a22001337a 4500
008 180928b xxu||||| |||| 00| 0 eng d
020 _a9781609136499
041 _aeng
080 _a610.73
100 _aNUR
101 _aNUR
245 _aCritical Care Nursing
_cJoan.M
942 _2udc
_cBK
999 _c48665
_d48665